Enciclopedia de la historia y la cultura del pueblo judío /

Guardado en:
Autor Principal: Zadoff, Efraím
Formato: Libro
Publicado: Israel : E.d.z. Nativ Ediciones, 1998
Materias:
Etiquetas: Agregar Etiqueta
Sin Etiquetas, Sea el primero en etiquetar este registro!
LEADER 00571nam a22001935a 4500
001 CEM.cems009737
005 20080721091559.0
008 130507s1998##################000#0#####d
003 CEMS
020 |a 9652228478 
082 0 4 |a 956.94 
100 1 |a Zadoff, Efraím 
245 1 0 |a Enciclopedia de la historia y la cultura del pueblo judío /  |c Efraim Zadoff 
260 |a Israel :  |b E.d.z. Nativ Ediciones,  |c 1998 
300 |a 467 p. 
653 |a Israel 
653 |a Israel-enciclopedia 
653 |a Israel-historia 
859 |a CEMS  |b BIB. CEMS - 11 de abril  |h 956.94  |i Z12  |p 20035.98  |t Ej.1